Biznis s obnovou energie

O nealko nápojoch so špeciálnym poslaním - prieskum predaja energetických a športových nápojov. Pravidelných zákazníkov tohto sortimentu si udržiavajú zľavami. Očakáva sa vzostup predaja.

Saved in:
Bibliographic Details
Main Author: Vojtková, Viera
Format: Book Chapter
Language:Slovak
Subjects:
Tags: Add Tag
No Tags, Be the first to tag this record!

MARC

LEADER 00000naa a2200000 4500
001 r046499
005 20231002114452.8
041 0 |a slo 
044 |a SK 
245 1 0 |a Biznis s obnovou energie  |c Viera Vojtková 
520 |a O nealko nápojoch so špeciálnym poslaním - prieskum predaja energetických a športových nápojov. Pravidelných zákazníkov tohto sortimentu si udržiavajú zľavami. Očakáva sa vzostup predaja. 
610 2 0 |a nápoje nealkoholické 
610 2 0 |a prieskum spotrebiteľský 
610 2 0 |a preferencie spotrebiteľské 
610 2 0 |a sortiment obchodný 
100 1 |a Vojtková, Viera